Обзор рынка магистральных светильников. Разработка корпуса для магистрального светильника; Молодежь и современные информационные технологии

Bibliografische gegevens
Parent link:Молодежь и современные информационные технологии.— 2018.— [С. 307-308]
Hoofdauteur: Ким Е. И.
Coauteur: Национальный исследовательский Томский политехнический университет Инженерная школа информационных технологий и робототехники Отделение автоматизации и робототехники (ОАР)
Andere auteurs: Хмелевский Ю. П. Юрий Петрович
Samenvatting:Заглавие с титульного экрана
Taal:Russisch
Gepubliceerd in: 2018
Reeks:Компьютерная графика и дизайн
Onderwerpen:
Online toegang:http://earchive.tpu.ru/handle/11683/46465
Formaat: MixedMaterials Elektronisch Hoofdstuk
KOHA link:https://koha.lib.tpu.ru/cgi-bin/koha/opac-detail.pl?biblionumber=626425

MARC

LEADER 00000naa2a2200000 4500
001 626425
005 20231219123230.0
035 |a (RuTPU)RU\TPU\conf\25795 
035 |a RU\TPU\conf\25793 
090 |a 626425 
100 |a 20180228d2018 k y0rusy50 ca 
101 0 |a rus 
102 |a RU 
105 |a y z 101zy 
135 |a drgn ---uucaa 
181 0 |a i  
182 0 |a b 
200 1 |a Обзор рынка магистральных светильников. Разработка корпуса для магистрального светильника  |f Е. И. Ким, Ю. П. Хмелевский 
203 |a Текст  |c электронный 
225 1 |a Компьютерная графика и дизайн 
300 |a Заглавие с титульного экрана 
320 |a [Библиогр.: с. 308 (3 назв.)] 
463 0 |0 (RuTPU)RU\TPU\conf\25518  |t Молодежь и современные информационные технологии  |o сборник трудов XV Международной научно-практической конференции студентов, аспирантов и молодых учёных, 04-07 декабря 2017 г., г. Томск  |f Национальный исследовательский Томский политехнический университет, Инженерная школа информационных технологий и робототехники ; под ред. С. С. Михалевич [и др.]  |v [С. 307-308]  |d 2018 
610 1 |a электронный ресурс 
610 1 |a труды учёных ТПУ 
610 1 |a обзоры 
610 1 |a магистральные светильники 
610 1 |a корпуса 
610 1 |a освещение 
610 1 |a дизайн 
610 1 |a рынок сбыта 
700 1 |a Ким  |b Е. И. 
701 1 |a Хмелевский  |b Ю. П.  |c специалист в области инженерной графики и начертательной геометрии  |c ассистент кафедры Томского политехнического университета  |f 1969-  |g Юрий Петрович  |3 (RuTPU)RU\TPU\pers\33490  |9 17158 
712 0 2 |a Национальный исследовательский Томский политехнический университет  |b Инженерная школа информационных технологий и робототехники  |b Отделение автоматизации и робототехники (ОАР)  |3 (RuTPU)RU\TPU\col\23553 
801 2 |a RU  |b 63413507  |c 20201229  |g RCR 
856 4 |u http://earchive.tpu.ru/handle/11683/46465 
942 |c BK